000 00419nam a2200121Ia 4500
008 220615s9999||||xx |||||||||||||| ||und||
100 _aJean-Marie Tarascon
245 0 _aChemistry of Materials and Energy. Examples and Future of a Millennial Science
546 _aEnglish[eng]
650 _achemistry||materials chemistry||solid-state chemistry||energy
856 _uhttp://books.openedition.org/cdf/4849
942 _cEB
999 _c15790
_d15790